<?xml version="1.0" encoding="UTF-8"?>
<collection xmlns="http://www.loc.gov/MARC21/slim">
  <record>
    <leader>00000nam  2200000   4500</leader>
    <controlfield tag="001">INLIS000000000000459</controlfield>
    <controlfield tag="005">20180724135032</controlfield>
    <controlfield tag="008">180724|||||||||   |   |||   |||| ||   | </controlfield>
    <datafield tag="035" ind1=" " ind2=" ">
      <subfield code="0">010-0718000459</subfield>
    </datafield>
    <datafield tag="041" ind1=" " ind2=" ">
      <subfield code="a">id</subfield>
    </datafield>
    <datafield tag="082" ind1=" " ind2=" ">
      <subfield code="a">020</subfield>
    </datafield>
    <datafield tag="090" ind1=" " ind2=" ">
      <subfield code="a">R 020 PIM I  2013</subfield>
    </datafield>
    <datafield tag="100" ind1=" " ind2=" ">
      <subfield code="a">Mustasa, Mulder</subfield>
    </datafield>
    <datafield tag="245" ind1=" " ind2=" ">
      <subfield code="a">Penguatan Akuntabilitas Pungutan Uang Jasa Kepelabuhanan Pada Wilayah Kerja Kantor Kesyahbandaran Dan Otoritas Pelabuhan (KSOP) Kelas I Dumai.</subfield>
    </datafield>
    <datafield tag="260" ind1=" " ind2=" ">
      <subfield code="a">Jakarta</subfield>
      <subfield code="b">Lembaga Administrasi Negara</subfield>
      <subfield code="c">2013</subfield>
    </datafield>
    <datafield tag="300" ind1=" " ind2=" ">
      <subfield code="a">23 hlm. ; 30 cm.</subfield>
    </datafield>
    <datafield tag="500" ind1=" " ind2=" ">
      <subfield code="a">Dalam rangka mendukung implementasi reformasi birokrasi di lingkungan Direktorat Jenderal Perhubungan Laut perlu dilakukan penguatan akuntabilitas pengelolaan PNBP jasa kepelabuhanan.  Pengelolaan uang jasa kepelabuhanan yang dilakukan oleh kantor UPP Batu Panjang terdapat peluang penyimpangan karena tidak didukung dengan data jumlah kapal keluar masuk yang akurat.  Perubahan kelembagaan dari Kantor Administrasi Pelabuhan menjadi KSOP memberikan wewenang kepada KSOP untuk menarik pengelolaan uang jasa kepelabuhanan dari kantor UPP Batu Panjang ke KSOP Kelas I Dumai.</subfield>
    </datafield>
    <datafield tag="650" ind1=" " ind2=" ">
      <subfield code="a">Akuntabilitas - pungutan jasa kepelabuhanan -- Proyek Perubahan PIM1</subfield>
    </datafield>
  </record>
</collection>
